[Event "Cultural Village Schaaktoernooi 2013"]
[Site "Wijk aan Zee"]
[Date "2013.12.01"]
[Round "8.4"]
[White "Li Riemersma"]
[Black "Jorden van Foreest"]
[Result "0-1"]
[WhiteElo "2443"]
[BlackElo "2330"]
[PlyCount "84"]
[EventDate "2013.11.30"]

1. d4 d5 2. c4 c6 3. Nf3 Nf6 4. Nc3 dxc4 5. a4 e6 6. e3 c5 7. Bxc4 Nc6 8. O-O
Be7 9. Qe2 cxd4 10. Rd1 O-O 11. exd4 Nb4 12. Ne5 Bd7 13. a5 Bc6 14. a6 Nfd5 15.
Nxc6 bxc6 16. Ne4 Rb8 17. Ra3 Qc7 18. Rg3 Nf4 19. Qg4 Ng6 20. Bg5 Nd5 21. Qe2
Rfd8 22. h4 f6 23. Bc1 Nxh4 24. Nc5 Bxc5 25. Qxe6+ Kh8 26. dxc5 Re8 27. Qd6 Qa5
28. Bxd5 Nf5 29. Qxc6 Nxg3 30. Kh2 Rbc8 31. Qd6 Nf5 32. Qf4 Ne7 33. Bf7 Rf8 34.
Bd2 Qxc5 35. Bb4 Qc6 36. Bb3 Ng6 37. Qf5 Qb6 38. Bxf8 Rxf8 39. Qe6 Qxf2 40. Qd6
Qxb2 41. Rd3 h6 42. Rg3 Qe5 0-1

[Event "Cultural Village Schaaktoernooi 2013"]
[Site "Wijk aan Zee"]
[Date "2013.12.01"]
[Round "8.5"]
[White "Merijn van Delft"]
[Black "David Klein"]
[Result "1/2-1/2"]
[WhiteElo "2424"]
[BlackElo "2489"]
[PlyCount "83"]
[EventDate "2013.11.30"]

1. e4 e5 2. Nf3 Nc6 3. Bb5 Nf6 4. O-O Nxe4 5. Re1 Nd6 6. Nxe5 Be7 7. Bf1 Nxe5
8. Rxe5 O-O 9. Nc3 Ne8 10. Nd5 Bd6 11. Re1 c6 12. Ne3 Bc7 13. Nf5 d5 14. Ne7+
Kh8 15. Nxc8 Rxc8 16. d3 Qf6 17. c3 Nd6 18. Qg4 Rce8 19. Bd2 Kg8 20. Qg5 Qxg5
21. Bxg5 Rxe1 22. Rxe1 Re8 23. Rxe8+ Nxe8 24. Be3 a6 25. f4 f5 26. g3 Kf7 27.
Kf2 Nf6 28. Kf3 g6 29. Bd4 Nd7 30. Bf2 Ke6 31. Be1 Bb6 32. h3 h5 33. g4 hxg4+
34. hxg4 Nf6 35. gxf5+ gxf5 36. Bh3 Nh5 37. Bd2 Bc7 38. Be3 Bd6 39. b3 Bc7 40.
c4 Bd6 41. cxd5+ cxd5 42. Bf1 1/2-1/2

[Event "Cultural Village Schaaktoernooi 2013"]
[Site "Wijk aan Zee"]
[Date "2013.12.01"]
[Round "9.1"]
[White "David Klein"]
[Black "Robert Ris"]
[Result "1/2-1/2"]
[WhiteElo "2489"]
[BlackElo "2416"]
[PlyCount "37"]
[EventDate "2013.11.30"]

1. Nf3 Nf6 2. c4 b6 3. g3 Bb7 4. Bg2 g6 5. O-O Bg7 6. Nc3 O-O 7. Re1 Ne4 8.
Nxe4 Bxe4 9. d3 Bb7 10. d4 Be4 11. Be3 c5 12. Qd2 Nc6 13. d5 Bxf3 14. exf3 Nd4
15. Bg5 Bf6 16. Bh6 Bg7 17. Bg5 Bf6 18. Bh6 Bg7 19. Bg5 1/2-1/2

[Event "Cultural Village Schaaktoernooi 2013"]
[Site "Wijk aan Zee"]
[Date "2013.12.01"]
[Round "9.2"]
[White "Jorden van Foreest"]
[Black "Merijn van Delft"]
[Result "1/2-1/2"]
[WhiteElo "2330"]
[BlackElo "2424"]
[PlyCount "45"]
[EventDate "2013.11.30"]

1. Nf3 d5 2. c4 c6 3. d4 Nf6 4. e3 Bg4 5. h3 Bh5 6. Nc3 e6 7. Qb3 Qb6 8. Nh4
Be7 9. g4 Bg6 10. Nxg6 hxg6 11. f3 g5 12. Bd2 Nbd7 13. O-O-O Qc7 14. Kb1 Nb6
15. cxd5 Nfxd5 16. Nxd5 Nxd5 17. Rc1 Qb6 18. Qxb6 axb6 19. e4 Nf4 20. h4 O-O-O
21. Be3 Bf6 22. hxg5 Bxg5 23. Bc4 1/2-1/2

[Event "Cultural Village Schaaktoernooi 2013"]
[Site "Wijk aan Zee"]
[Date "2013.12.01"]
[Round "9.3"]
[White "Arthur Pijpers"]
[Black "Li Riemersma"]
[Result "1-0"]
[WhiteElo "2366"]
[BlackElo "2443"]
[PlyCount "41"]
[EventDate "2013.11.30"]

1. e4 c6 2. d4 d5 3. Nc3 dxe4 4. Nxe4 Bf5 5. Ng3 Bg6 6. h4 h6 7. Nf3 e6 8. Ne5
Bh7 9. Bd3 Bxd3 10. Qxd3 Nd7 11. f4 Ngf6 12. Bd2 c5 13. O-O-O cxd4 14. Ng6 Rg8
15. Nxf8 Nxf8 16. Bb4 Qd5 17. Qa3 N8d7 18. Rhe1 a6 19. Bc3 Qxg2 20. Nf5 dxc3
21. Qe7# 1-0

[Event "Cultural Village Schaaktoernooi 2013"]
[Site "Wijk aan Zee"]
[Date "2013.12.01"]
[Round "9.4"]
[White "Hing Ting Lai"]
[Black "Tycho Dijkhuis"]
[Result "1-0"]
[WhiteElo "2169"]
[BlackElo "2206"]
[PlyCount "95"]
[EventDate "2013.11.30"]

1. c4 e5 2. g3 c6 3. d4 Bb4+ 4. Bd2 Bxd2+ 5. Qxd2 d6 6. Bg2 Nf6 7. Nc3 O-O 8.
e3 Be6 9. Rd1 exd4 10. Qxd4 Na6 11. b3 Nb4 12. Qd2 d5 13. a3 Na6 14. cxd5 cxd5
15. Nge2 Nc5 16. Nd4 Bg4 17. f3 Bd7 18. O-O Qb6 19. b4 Na4 20. Rc1 Rac8 21.
Nxa4 Bxa4 22. Kf2 g6 23. Qb2 Nd7 24. f4 Nc5 25. Rc3 Ne6 26. Rfc1 Rcd8 27. Rd3
Nc7 28. Rc5 Rfe8 29. Qc3 Rd7 30. g4 Red8 31. g5 a6 32. Kg3 Ne8 33. Nf3 Bb5 34.
Rd2 Nd6 35. Ne5 Nf5+ 36. Kf2 d4 37. exd4 Rxd4 38. Rxd4 Nxd4 39. Qe3 Nf5 40. Qb3
Be8 41. Bd5 Nd4 42. Qc4 Ne6 43. Bxe6 fxe6 44. Qc3 Bb5 45. Ng4 Qd6 46. Nh6+ Kf8
47. Qf6+ Ke8 48. Qf7# 1-0

[Event "Cultural Village Schaaktoernooi 2013"]
[Site "Wijk aan Zee"]
[Date "2013.12.01"]
[Round "9.5"]
[White "Frank Erwich"]
[Black "Rick Duijker"]
[Result "1-0"]
[WhiteElo "2319"]
[BlackElo "2251"]
[PlyCount "61"]
[EventDate "2013.11.30"]

1. e4 e6 2. d4 d5 3. exd5 exd5 4. c4 Nf6 5. Nc3 Be7 6. Nf3 O-O 7. cxd5 Nxd5 8.
Bd3 Be6 9. O-O Nd7 10. Re1 c6 11. a3 Re8 12. Bc2 Qc7 13. Ng5 Bxg5 14. Bxg5 Nxc3
15. bxc3 Qa5 16. Qd2 Nb6 17. Re5 Bd5 18. Be7 Nc4 19. Qd3 g6 20. Re2 Qc7 21.
Rae1 Be6 22. Bf6 Nd6 23. Qg3 Qd7 24. Qg5 Rec8 25. Rxe6 fxe6 26. Bxg6 hxg6 27.
Qxg6+ Kf8 28. Qh6+ Kg8 29. Qh8+ Kf7 30. Qg7+ Ke8 31. Qg8# 1-0